Guardado en:
Formato: Libro
Publicado: Buenos Aires : Santillana, 1997
Materias:
Etiquetas: Agregar Etiqueta
Sin Etiquetas, Sea el primero en etiquetar este registro!
LEADER 00368nam a22001455a 4500
001 CEM.cems012276
005 20060911083136.0
008 130507s1997##################000#0#####d
003 CEMS
020 |a 950465176 
082 0 4 |a 912 
260 |a Buenos Aires :  |b  Santillana,  |c 1997 
300 |a 120 p. 
653 |a Atlas 
859 |a CEMS  |b BIB. CEMS - 11 de abril  |h 912  |i At65  |p 23451.06  |t Ej.1